साहित्यकार एवं स्वतंत्रता संग्राम सेनानी श्यामनारायण विजयवर्गीय : (Record no. 119296)

MARC details
000 -LEADER
fixed length control field 01514nam a22002537a 4500
005 - DATE AND TIME OF LATEST TRANSACTION
control field 20170124103131.0
010 ## - LIBRARY OF CONGRESS CONTROL NUMBER
LC control number A-689929
020 ## - INTERNATIONAL STANDARD BOOK NUMBER
Terms of availability 251.00
035 ## - SYSTEM CONTROL NUMBER
System control number A-689929
037 ## - SOURCE OF ACQUISITION
Source of stock number/acquisition Cen Lib/Ret
040 ## - CATALOGING SOURCE
Original cataloging agency DPL
Language of cataloging HN
082 ## - DEWEY DECIMAL CLASSIFICATION NUMBER
Classification number 820.8
Item number श्यामना
245 ## - TITLE STATEMENT
Title साहित्यकार एवं स्वतंत्रता संग्राम सेनानी श्यामनारायण विजयवर्गीय :
Statement of responsibility, etc संपादक प्रेमचंद्र विजयवर्गीय
Remainder of title व्यक्ति ,स्रष्टा और दृष्टा /
246 ## - VARYING FORM OF TITLE
Title proper/short title Shityakaar evam swatntrta sangram senani shyamnarayan vijayvargiya : vyakti sreshta aur drishta
Remainder of title sampadak Premchand Vijayvargiya
260 ## - PUBLICATION, DISTRIBUTION, ETC. (IMPRINT)
Place of publication, distribution, etc नई दिल्ली
Name of publisher, distributor, etc प्रकाशन संस्थान
Date of publication, distribution, etc 1994
270 ## - ADDRESS
Address 4715/21, दयानंद मार्ग दरिया गंज
City नई दिल्ली
Postal code 110002
300 ## - PHYSICAL DESCRIPTION
Extent 372पृष्ठ. :
Dimensions 19सेमी(सजिल्द)
Other physical details चित्र.
650 ## - SUBJECT ADDED ENTRY--TOPICAL TERM
Topical term or geographic name as entry element हिंदी साहित्य
9 (RLIN) 84234
650 ## - SUBJECT ADDED ENTRY--TOPICAL TERM
Topical term or geographic name as entry element साक्षात्कार - श्यामनारायण विजयवर्गीय
9 (RLIN) 84235
650 ## - SUBJECT ADDED ENTRY--TOPICAL TERM
Topical term or geographic name as entry element hindi literature
9 (RLIN) 84236
650 ## - SUBJECT ADDED ENTRY--TOPICAL TERM
Topical term or geographic name as entry element Interview - Shyamnarayn Vijayavargiya
9 (RLIN) 84237
700 ## - ADDED ENTRY--PERSONAL NAME
Personal name विजयवर्गीय, प्रेमचंद
9 (RLIN) 43628
942 ## - ADDED ENTRY ELEMENTS (KOHA)
Source of classification or shelving scheme Dewey Decimal Classification
Koha item type Hindi Books
Classification part 820.8
Call number suffix श्यामना
Holdings
Withdrawn status Lost status Damaged status Not for loan Home library Current library Date acquired Source of acquisition Cost, normal purchase price Total Checkouts Full call number Barcode Date last seen Copy number Cost, replacement price Price effective from Koha item type
        Central Library Central Library 16/09/2015 Cen Lib/Ret 251.00   820.8 श्यामना A-689929 16/09/2015 1 251.00 16/09/2015 Hindi Books

© Delhi Public Library
Hit Counter
free hit counter